Statistiken für Dreifarbige Flaggen Europas

Klicken Sie hier um das Quiz zu spielen!

Allgemein

  • Dieses Quiz wurde 119 mal gespielt
  • Das Durchschnittsergebnis liegt bei 14 aus 15

Antwortstatistiken

Land% Korrekt
Deutschland
99%
Irland
99%
Belgien
98%
Italien
98%
Estland
95%
Frankreich
95%
Rumänien
95%
Niederlande
93%
Österreich
92%
Luxemburg
91%
Bulgarien
90%
Lettland
90%
Ungarn
89%
Russland
88%
Litauen
85%

Verteilung der Resultate

Perzentil nach korrekt beantworteten Fragen

Anzahl Personen mit jedem Resultat

Ihre Resultats-Entwicklung

Sie haben dieses Quiz noch nicht gespielt